Guess The Lyrics: System Of A Down (Hard) - Statistics

General Stats
  • This quiz has been taken 256 times
  • The average score is 7 of 16
Answer Stats
Lyric Answer % Correct
The Kombucha ____ people, sitting around all day mushroom
84%
People, all grow up to ___ die
75%
She's like ____, sipping through a little glass heroin
74%
My sweet _____ clementine
53%
Can you feel their ____ presence? haunting
51%
____ reveries cutting the headlights of a truck flashlight
50%
Don't you ever get ____ in the sky stuck
50%
Shake your ____ at Shakespeare spear
43%
I ____ there for you wasn't
38%
___ for her philosophy! try
35%
For ____ screech past my desires darts
30%
Wink an ___ and point a ___ eye, finger
30%
____, the only solution revolution
30%
____ happen. accidents
29%
The ____ light that follows orange
16%
Minor drug offenders ____ your prisons, you don't even ____ stole, flinch
1%
No matching quizzes found
Score Distribution
Percent of People with Each Score
Percentile by Number Answered
Your Score History
You have not taken this quiz